000 00484nam a2200157Ia 4500
008 210430s9999 xx 000 0 und d
020 _a9781569903957
082 _a668.412 H931H
100 _aUnger, P.
_954865
245 _aHot runner technology /
_cPeter Unger
260 _aMunich ; | Cincinnati, Ohio :
_bHanser,
_c2006
300 _ax, 241 p. :
650 _aHeisskanal Technik.
_954866
856 _uhttp://www.loc.gov/catdir/toc/ecip0611/2006010624.html
942 _cREF
_2ddc
999 _c565752
_d565752